000 00488nam a2200181Ia 4500
003 GCL
008 140319s9999 xx 000 0 eng d
040 _aGCL /
_cGCL
082 0 4 _a338.542
_bM B
100 1 _aMULLINEUX, ANDY
245 1 0 _aBUSINESS CYCLES: THEORY AND EVIDENCE /
_cMULLINEUX, ANDY
700 1 _aDICKINION, DAVID G.
700 1 _aPENG, WENSHENG
260 _a[S.N] :
_bBLACKWELL PUBLISHERS ،
_c1993
300 _a162 P
650 0 4 _aBUSINESS CYCLES
942 _2ddc
_cBK
999 _c20706
_d20706